00549nam a2200133Ia 4500008004100000024005600041082002100097100007500118245002500193260002500218600003200243650003300275856010700308250506s9999 xx 000 0 und d a09B-006-CE, 09B-009-CE, 09B-013-CE & 09B-026-CE a621.38928072 SYE aSyed Khalid Mushtaque, Matti ur Rehman, Abdul Moiz Baig & Waqar majeed 0aSecured Energy Meter aKarachi:bUIT,c2009 aComputer System Engineering aBachelor of Engineering (BE) uhttps://drive.google.com/file/d/1o50h4rIwKpdT5QcQZ53mBa3LxerNfFg8/view?usp=sharingyClick here for PDF